|
|
|
|
| LEADER |
04247nam a22005055i 4500 |
| 001 |
978-0-387-29598-5 |
| 003 |
DE-He213 |
| 005 |
20151204150027.0 |
| 007 |
cr nn 008mamaa |
| 008 |
100420s2006 xxu| s |||| 0|eng d |
| 020 |
|
|
|a 9780387295985
|9 978-0-387-29598-5
|
| 024 |
7 |
|
|a 10.1007/978-0-387-29598-5
|2 doi
|
| 040 |
|
|
|d GrThAP
|
| 050 |
|
4 |
|a LB1050.9-1091
|
| 072 |
|
7 |
|a JNC
|2 bicssc
|
| 072 |
|
7 |
|a EDU009000
|2 bisacsh
|
| 082 |
0 |
4 |
|a 370.15
|2 23
|
| 100 |
1 |
|
|a Hampton, Robert L.
|e author.
|
| 245 |
1 |
0 |
|a Interpersonal Violence in the African-American Community
|h [electronic resource] :
|b Evidence-Based Prevention and Treatment Practices /
|c by Robert L. Hampton, Thomas P. Gullotta, Jessica M. Ramos.
|
| 264 |
|
1 |
|a Boston, MA :
|b Springer US,
|c 2006.
|
| 300 |
|
|
|a VIII, 214 p.
|b online resource.
|
| 336 |
|
|
|a text
|b txt
|2 rdacontent
|
| 337 |
|
|
|a computer
|b c
|2 rdamedia
|
| 338 |
|
|
|a online resource
|b cr
|2 rdacarrier
|
| 347 |
|
|
|a text file
|b PDF
|2 rda
|
| 490 |
1 |
|
|a Issues in Children’s and Families’ Lives,
|x 1572-1981
|
| 505 |
0 |
|
|a Violence in the Black Family: What We Know, Where Do We Go? -- Young, Wounded, and Black: The Maltreatment of African-American Children in the Early Years -- Interventions for Abused African-American Women and Their Children -- Intimate Violence Between African-American Couples: Seeking Intimate Justice in the Midst of Social Injustice -- Domestic Violence and the Black Church: Challenging Abuse One Soul at a Time -- The Art of Healing: An Afrocentric Helping Guide for Practitioners Working with African-American Families Who Experience Intimate Partner Violence -- Get Thee Behind Me: African-American Grandparents Raising Grandchildren Who Experienced Domestic Violence -- A Practitioners’ Guide to Evaluating Domestic Violence Prevention and Treatment Programs.
|
| 520 |
|
|
|a The prevalence of violence reported for the African-American community continues to pose a significant concern to society as a whole and, in particular, to those charged with reducing it. Confronting the issue head on, Interpersonal Violence in the African-American Community: Evidence-Based Prevention and Treatment Practices both challenges existing stereotypes of African Americans and offers concrete, state-of-the-art advice on approaches that are currently – or may soon prove to be – effective with African-American populations. The contributors to this volume offer unique insights gained through their extensive individual experiences in family violence prevention and intervention within the African-American community as well as their backgrounds in writing, teaching, training, and researching in this area. Taken together, their chapters expand the knowledge base on such topics as the: Most useful and appropriate assessment tools for preventing violence in this community. Developmental effects of the child welfare system on African-American youth. Salient aspects of the extended family on African Americans, including grandparents acting as surrogate parents. Strengths and limitations of African-American churches in curbing domestic violence. Effective use of spirituality in interventions. Guidelines for evaluating prevention and intervention programs. Interpersonal Violence in the African-American Community is essential reading in a variety of professional and clinical settings – as well as graduate-level study – including social work, clinical child, school, and developmental psychology, couples and family therapy, shelters, and victim assistance programs.
|
| 650 |
|
0 |
|a Education.
|
| 650 |
|
0 |
|a Educational psychology.
|
| 650 |
|
0 |
|a Education
|x Psychology.
|
| 650 |
|
0 |
|a Child psychology.
|
| 650 |
|
0 |
|a School psychology.
|
| 650 |
1 |
4 |
|a Education.
|
| 650 |
2 |
4 |
|a Educational Psychology.
|
| 650 |
2 |
4 |
|a Child and School Psychology.
|
| 700 |
1 |
|
|a Gullotta, Thomas P.
|e author.
|
| 700 |
1 |
|
|a Ramos, Jessica M.
|e author.
|
| 710 |
2 |
|
|a SpringerLink (Online service)
|
| 773 |
0 |
|
|t Springer eBooks
|
| 776 |
0 |
8 |
|i Printed edition:
|z 9780387295978
|
| 830 |
|
0 |
|a Issues in Children’s and Families’ Lives,
|x 1572-1981
|
| 856 |
4 |
0 |
|u http://dx.doi.org/10.1007/978-0-387-29598-5
|z Full Text via HEAL-Link
|
| 912 |
|
|
|a ZDB-2-BHS
|
| 950 |
|
|
|a Behavioral Science (Springer-11640)
|